00526cam a2200157 a 4500020001500000040000800015082002600023100002300049245006800072250001100140260002900151300004300180500007500223650003900298650003100337 a0256188769 cDLC00a658 LRW 1997 A106 Or.1 aHill, Charles W. L10aInternational business :bcompeting in the global marketplace / a2nd ed aChicago :bIrwin,cc1997 axx, 630 p. :bcol. ill., maps ;c28 cm aFolded map with list of acronyms, and country and city names, inserted 0aInternational business enterprises 0aCompetition, International